000 00495nam a2200205Ia 4500
003 0100
008 130303s9999 xx 000 0 und d
040 _cARRUPELIB
050 _aRA790.S36 1954
100 _aSchindler, John A
245 _aHow to live 365 days a year
260 _aNew York
260 _bFawcett Publications
260 _C1954
300 _axvii
300 _b 192p. 19cm.
650 _aMEDICINE
650 _bGreek language--Dictionaries--English
942 0 0 _01
999 _c53152
_d53152